000 00421nam a2200169Ia 4500
008 260407s2024 xx 000 0 und d
041 _aeng
082 _a615.4/GUD
_b12162
100 _aDR. G.K.GUDAS
245 _aPHYSICAL PHARMACEUTICS -I
250 _a3RD
260 _aPUNE
_bTECHNICAL PUB
_c2024
300 _a5.16p
650 _aPHARMACEUTICS
650 _aPHYSICAL PHARMACEUTICS -I
700 _aB. NAGARANI
999 _c1219654
_d1219654